[Event "DSOL 05 Liga Gr-D 1st"]
[Site "Playchess.com INT"]
[Date "2020.07.28"]
[Round "6.2"]
[White "Stalz, Manfred"]
[Black "Ferch, Andreas"]
[Result "1-0"]
[WhiteElo "1720"]
[BlackElo "1806"]
[PlyCount "139"]
[EventDate "2020.06.22"]
[EventType "team-tourn (rapid)"]
[EventCountry "GER"]
[SourceTitle "EXT 2021"]
[Source "ChessBase"]
[SourceDate "2020.10.23"]
[SourceVersion "1"]
[SourceVersionDate "2020.10.23"]
[SourceQuality "1"]
[WhiteTeam "Billerbeck Tuerme"]
[BlackTeam "Segeberg SF II"]
[WhiteTeamCountry "GER"]
[BlackTeamCountry "GER"]

1. d4 d5 2. Nf3 Nf6 3. e3 Bf5 4. Bd3 Bxd3 5. cxd3 e6 6. 0-0 c5 7. Nc3 Nc6 8. dxc5 Bxc5 9. Qb3 Qb6 10. Qxb6 Bxb6 11. a3 Rc8 12. Bd2 Ke7 13. b4 d4 14. Na4 dxe3 15. fxe3 Bc7 16. Rac1 Rhd8 17. Nb2 Ne5 18. Rxc7+ Rxc7 19. Nxe5 Rc2 20. Nbc4 b5 21. Nc6+ Ke8 22. Nxd8 bxc4 23. Rd1 Kxd8 24. dxc4 Rxc4 25. Bc3+ Ke7 26. Bxf6+ gxf6 27. Rd3 Rc2 28. h3 f5 29. Kh2 Ra2 30. Kg3 Kf6 31. h4 Ke5 32. Kf3 Ra1 33. Kg3 Ke4 34. Rc3 Ra2 35. h5 h6 36. a4 Rxa4 37. Rc7 Kxe3 38. Rxf7 Rxb4 39. Rxa7 f4+ 40. Kh2 Rb5 41. Ra3+ Ke4 42. Ra4+ Kf5 43. Kh3 Kg5 44. Kh2 e5 45. Ra8 Rb3 46. Kg1 Kxh5 47. Ra5 Re3 48. Kf2 Kg4 49. Ra6 h5 50. Rg6+ Kh4 51. Rg8 Rg3 52. Re8 Rg5 53. Kf3 Rg3+ 54. Kf2 Re3 55. Rg8 Ra3 56. Re8 Ra5 57. Rg8 e4 58. Ke2 Ra2+ 59. Kf1 e3 60. Rg7 Rf2+ 61. Ke1 Ra2 62. Kf1 Ra5 63. Ke2 Rg5 64. Rf7 Kg4 65. Kf1 Kg3 66. Rf8 h4 67. Kg1 Kg4 68. Kf1 Re5 69. Rg8+ Kf5 70. Ke2 1-0

[Event "DSOL 05 Liga Gr-D 1st"]
[Site "Playchess.com INT"]
[Date "2020.07.17"]
[Round "4.2"]
[White "Stalz, Manfred"]
[Black "Huber, Herbert"]
[Result "1-0"]
[WhiteElo "1720"]
[BlackElo "1749"]
[PlyCount "75"]
[EventDate "2020.06.22"]
[EventType "team-tourn (rapid)"]
[EventCountry "GER"]
[SourceTitle "EXT 2021"]
[Source "ChessBase"]
[SourceDate "2020.10.23"]
[SourceVersion "1"]
[SourceVersionDate "2020.10.23"]
[SourceQuality "1"]
[WhiteTeam "Billerbeck Tuerme"]
[BlackTeam "Wasserburg"]
[WhiteTeamCountry "GER"]
[BlackTeamCountry "GER"]

1. d4 Nf6 2. Nd2 d5 3. e3 Bg4 4. Ngf3 e6 5. Bd3 c5 6. c3 Bd6 7. 0-0 0-0 8. e4 dxe4 9. Nxe4 Nxe4 10. Bxe4 Nc6 11. Qd3 h6 12. Be3 Qe7 13. Rfe1 Rad8 14. h3 Bh5 15. g4 Bg6 16. Bxg6 fxg6 17. Qe4 Qf6 18. Kg2 cxd4 19. Nxd4 Ne5 20. f4 Nc4 21. Qxe6+ Qxe6 22. Nxe6 Nxe3+ 23. Rxe3 Bxf4 24. Rf3 Rd2+ 25. Kf1 g5 26. Nxf8 Kxf8 27. b3 Ke7 28. Re1+ Kd6 29. Re2 Rd5 30. h4 g6 31. hxg5 Bxg5 32. Rf7 Rb5 33. Rg7 a5 34. Rxg6+ Kc7 35. Rf2 Rd5 36. Rf7+ Rd7 37. Rxd7+ Kxd7 38. Ke2 1-0

[Event "Steinfurt Bezirksliga 1516"]
[Site "Germany"]
[Date "2016.05.28"]
[Round "9.5"]
[White "Stalz, Manfred"]
[Black "Krueler, Andreas"]
[Result "1-0"]
[WhiteElo "1640"]
[BlackElo "1497"]
[PlyCount "71"]
[EventDate "2015.09.19"]
[EventType "team-tourn"]
[EventRounds "9"]
[EventCountry "GER"]
[SourceTitle "EXT 2017"]
[Source "ChessBase"]
[SourceDate "2016.10.25"]
[SourceVersion "1"]
[SourceVersionDate "2016.10.25"]
[SourceQuality "1"]
[WhiteTeam "Westerkappeln"]
[BlackTeam "Steinfurt III"]
[WhiteTeamCountry "GER"]
[BlackTeamCountry "GER"]

1. d4 d5 2. Nf3 h6 3. e3 Bg4 4. c4 Nf6 5. Nc3 e6 6. b3 Bb4 7. Bd2 0-0 8. Be2 Bxc3 9. Bxc3 Ne4 10. Bb2 Qf6 11. 0-0 Ng5 12. Ne5 Bxe2 13. Qxe2 Qe7 14. a4 Nd7 15. Ba3 c5 16. Nxd7 Qxd7 17. Bxc5 Rfc8 18. Ba3 dxc4 19. bxc4 Qxa4 20. Rfc1 Qd7 21. Bb2 b6 22. e4 f6 23. Ra3 Rc7 24. f4 Nh7 25. Rg3 Rac8 26. d5 exd5 27. exd5 Re8 28. Re3 Kf7 29. Rxe8 Qxe8 30. Qh5+ g6 31. Qxh6 Qe3+ 32. Kh1 Nf8 33. Qh4 Nd7 34. Re1 Qb3 35. d6 Rb7 36. Re7+ 1-0

[Event "Steinfurt Bezirksliga 1516"]
[Site "Germany"]
[Date "2016.02.20"]
[Round "6.5"]
[White "Hartmann, Viktor"]
[Black "Stalz, Manfred"]
[Result "0-1"]
[WhiteElo "1661"]
[BlackElo "1640"]
[PlyCount "140"]
[EventDate "2015.09.19"]
[EventType "team-tourn"]
[EventRounds "9"]
[EventCountry "GER"]
[SourceTitle "EXT 2017"]
[Source "ChessBase"]
[SourceDate "2016.10.25"]
[SourceVersion "1"]
[SourceVersionDate "2016.10.25"]
[SourceQuality "1"]
[WhiteTeam "Ibbenbueren II"]
[BlackTeam "Westerkappeln"]
[WhiteTeamCountry "GER"]
[BlackTeamCountry "GER"]

1. d4 d5 2. c4 e6 3. c5 Nf6 4. Nc3 Be7 5. h3 0-0 6. Bf4 c6 7. e3 Nbd7 8. Nf3 b6 9. b4 a5 10. a3 Ba6 11. Bxa6 Rxa6 12. b5 cxb5 13. c6 Qc8 14. c7 b4 15. Nb5 bxa3 16. 0-0 Ne8 17. Qc2 Ndf6 18. Qc6 Ne4 19. Rfc1 g5 20. Bh2 f6 21. Nxa3 N4d6 22. Nb5 Nxb5 23. Qxb5 Nd6 24. Qb2 Nc4 25. Qb5 Bd6 26. e4 Bxh2+ 27. Nxh2 Nd6 28. Qe2 Nxe4 29. Rc6 Re8 30. Rac1 Ra7 31. Qb5 Ra6 32. Rxb6 Rxb6 33. Qxb6 a4 34. Qc6 Re7 35. f3 Nd2 36. Qd6 Re8 37. Rc6 Nc4 38. Qb4 a3 39. Qa4 Re7 40. Qa7 a2 41. Qxa2 Rxc7 42. Ra6 Ne3 43. Ra8 Rc1+ 44. Nf1 Rxf1+ 45. Kh2 Rc1 46. Rxc8+ Rxc8 47. Qa6 Re8 48. g3 Kf7 49. Qd3 Nf5 50. g4 Ng7 51. Qxh7 Rc8 52. Qd3 Rc4 53. Kg3 Rc1 54. f4 gxf4+ 55. Kxf4 Rc4 56. Kg3 Ne8 57. h4 Nd6 58. Qh7+ Kf8 59. Qd7 Ne4+ 60. Kf3 Rxd4 61. Qxe6 Nd2+ 62. Kg2 Ne4 63. h5 Kg7 64. Qe7+ Kh6 65. Qf7 Kg5 66. Qg6+ Kh4 67. h6 Ng5 68. Qxf6 Rxg4+ 69. Kf2 Kh5 70. Qf5 Rf4+ 0-1